| 000 | 00956cam a2200217 4500 | ||
|---|---|---|---|
| 001 | ABS63683 | ||
| 008 | 000000n2001 000 0 eng u | ||
| 035 | _a(Sirsi) u111635 | ||
| 100 | _aMorgan, A. | ||
| 245 | _aHow to pick a fight | ||
| 260 | _c2001 | ||
| 490 |
_aBuilding _v266(8172) 9 March 2001, 58(1) |
||
| 520 | _aArgues for the creation of a generic formula - a project management tool - adaptable to different conditions and inputs, which would enable construction companies to quantify the risks of entering into a dispute with another party. This would also place a cost on the intangibles such as the use of senior management time and loss of reputation. Describes how the 'ready reckoner', already utilised in Europe, would work. | ||
| 590 | _aABS | ||
| 650 | _aCONSTRUCTION CLAIMS | ||
| 650 | _aCOST ESTIMATION | ||
| 650 | _aRISKS | ||
| 650 | _aMANAGEMENT-PROJECT MANAGEMENT | ||
| 690 |
_aDispute resolution _96236 |
||
| 942 | _n0 | ||
| 999 |
_c66521 _d66521 |
||